| 000 | 00454nam a2200181Ia 4500 | ||
|---|---|---|---|
| 001 | 3818 | ||
| 005 | 20260306145711.0 | ||
| 008 | 260306t2017||||xx |||||||||||||| ||spa|| | ||
| 041 | _aESP | ||
| 082 |
_a303.4834 _bS712 |
||
| 100 |
_aSadin, Éric, _eAUT |
||
| 245 | 0 |
_aLa humanidad aumentada : _bla administración digital del mundo |
|
| 260 | _c2017 | ||
| 300 |
_a155 páginas : _c19 cm. |
||
| 650 | _aGEN | ||
| 654 | _aCHU | ||
| 942 |
_cLIB _dJUS _fJUS _2ddc _n |
||
| 999 |
_c3818 _d3818 |
||